Změny v rozmístění světového hospodářství

Salvato in:
Dettagli Bibliografici
Autore principale: Vošta, Milan
Natura: Libro
Lingua:ceco
Pubblicazione: Praha Vysoká škola ekonomická v Praze. Nakladatelství Oeconomica 2006
Soggetti:
Tags: Aggiungi Tag
Nessun Tag, puoi essere il primo ad aggiungerne!!

MARC

LEADER 00000nam$a2200000$$$4500
001 0062995
005 20220720100004.3
020 |a 80-245-1105-3 
020 |a 978-80-245-1105-4 
041 0 |a cze 
044 |a CZ 
245 1 0 |a Změny v rozmístění světového hospodářství  |c Milan Vošta 
264 1 |a Praha  |b Vysoká škola ekonomická v Praze. Nakladatelství Oeconomica  |c 2006 
300 |a 156 s. 
610 2 0 |a hospodárstvo svetové 
610 2 0 |a globalizácia hospodárstva 
610 2 0 |a globalizácia 
610 2 0 |a rozmiestenie obyvateľstva 
610 2 0 |a rozmiestenie priemyslu 
610 2 0 |a rozmiestenie výroby 
610 2 0 |a energetika 
610 2 0 |a hutníctvo 
610 2 0 |a priemysel automobilový 
610 2 0 |a priemysel textilný 
610 2 0 |a priemysel odevný 
610 2 0 |a ruch cestovný 
610 2 0 |a doprava 
610 2 0 |a svet 
100 1 |a Vošta, Milan